Top 25 Rappers Of All Time - Statistics

General Stats
  • This quiz has been taken 338 times
  • The average score is 12 of 25
Answer Stats
Hint Answer % Correct
4 Tupac Shakur
89%
5 Eminem
87%
8 Drake
84%
6 The Notorious B.I.G
84%
11 Kanye West
78%
2 Kendrick Lamar
78%
1 Jay-Z
75%
9 Snoop Dogg
70%
18 Ice Cube
64%
17 50 Cent
62%
7 Lil Wayne
61%
3 Nas
60%
15 J Cole
47%
10 Nicki Minaj
38%
12 Andre 3000
36%
13 Rakim
27%
14 LL Cool J
23%
21 DMX
21%
25 Method Man
16%
22 Ghostface Killah
12%
19 Missy Elliott
12%
20 Big Daddy Kane
11%
16 Scarface
8%
24 KRS-One
6%
23 Kurtis Blow
3%
No matching quizzes found
Score Distribution
Percent of People with Each Score
Percentile by Number Answered
Your Score History
You have not taken this quiz